En el cruce: tu camino hacia Cristo
Uloženo v:
| Hlavní autor: | |
|---|---|
| Médium: | Kniha |
| Jazyk: | španělština |
| Vydáno: |
Santiago
Paulinas
1970
|
| Edice: | Así Pensamos Hoy, 2
|
| Témata: | |
| Tagy: |
Přidat tag
Žádné tagy, Buďte první, kdo vytvoří štítek k tomuto záznamu!
|
MARC
| LEADER | 00000nam a2200000 a 4500 | ||
|---|---|---|---|
| 001 | UCL3903 | ||
| 003 | CL-VaPUC | ||
| 008 | 031219e19700000CL |||||||||||||||||spa|d | ||
| 082 | 0 | 4 | |a 242 |b KEE |2 21 |
| 100 | 0 | |a Keet, J |e author |9 481352 | |
| 245 | 1 | 0 | |a En el cruce: tu camino hacia Cristo |
| 300 | |a 120 p | ||
| 942 | |c BK | ||
| 945 | |d 20031219 00:00:00 |a rbrito | ||
| 260 | |a Santiago |b Paulinas |c 1970 | ||
| 650 | 0 | |a Literatura religiosa |9 266283 | |
| 650 | 0 | |a Cristianismo |9 257361 | |
| 583 | |a last modification |c 20031219 00:00:00 |k Rodrigo Vera | ||
| 490 | 0 | |a Así Pensamos Hoy, 2 | |
| 999 | |c 306888 |d 306886 | ||
| 952 | |0 0 |1 2 |4 0 |6 242_000000000000000_KEE_1970 |7 0 |8 A |9 372310 |a BIBTEO |b BIBTEO |d 2019-11-21 |i 2082462 |o 242 KEE 1970 |p 2082462 |r 2019-11-21 |w 2019-11-21 |x Descarte 2019 |y BK |k ICR | ||